[Event "Recife Arraes Memorial 10th"]
[Site "Recife"]
[Date "2017.10.06"]
[Round "1"]
[White "Moura, Paulo Jorge Alves"]
[Black "Da Silva, Valdir Alves"]
[Result "1-0"]
[WhiteElo "1913"]
[BlackElo "1800"]
[PlyCount "117"]
[EventDate "2017.10.06"]
[EventType "swiss"]
[EventRounds "6"]
[EventCountry "BRA"]
[SourceTitle "CBM 181 Extra"]
[Source "ChessBase"]
[SourceDate "2017.12.12"]
[SourceVersion "1"]
[SourceVersionDate "2017.12.12"]
[SourceQuality "1"]

1. d4 d5 2. c4 Nf6 3. Nc3 e6 4. Bg5 Be7 5. e3 h6 6. Bh4 0-0 7. Nf3 dxc4 8. Bxc4 Nc6 9. 0-0 Na5 10. Bd3 Nc6 11. Rc1 b6 12. Bb1 Ba6 13. Re1 Nb4 14. a3 Nbd5 15. Nxd5 Nxd5 16. Bxe7 Qxe7 17. Qc2 g6 18. e4 Nf4 19. Qxc7 Qxc7 20. Rxc7 Rfc8 21. Rd7 Bb5 22. Rd6 Rc6 23. Rxc6 Bxc6 24. g3 Nh5 25. Bd3 Rd8 26. Rc1 Ba4 27. Rc7 Rd7 28. Rxd7 Bxd7 29. Ne5 Ba4 30. Bc4 Nf6 31. f3 Nd7 32. Nd3 Bc2 33. Nb4 Bd1 34. Kf2 Nb8 35. d5 exd5 36. exd5 Nd7 37. Nc6 a5 38. Nd4 Ne5 39. Bb5 a4 40. h3 f6 41. f4 Nf7 42. Ke1 Bb3 43. Nxb3 axb3 44. Bc4 Nd6 45. Bd3 Kf7 46. Kd2 f5 47. Ke3 Nb7 48. Kd4 Ke7 49. Ke5 Nd6 50. a4 Nf7+ 51. Kd4 Kd6 52. g4 fxg4 53. hxg4 g5 54. Bg6 Nd8 55. f5 Nb7 56. f6 Nc5 57. Be8 Nb7 58. Ke4 Nd8 59. Kf5 1-0